000 01200cam a22003377i 4500
001 4917
003 DO-SdBPM
005 20250909125834.0
007 ta
008 130115s 20uu gt 000 0 spa
010 _a2013369710
020 _a
035 _a
040 _aDO-SdBPM
_bspa
_cBPMSU
_erda
042 _a
082 4 _aRD86.5
_bJ61b
_222
100 1 _aJiménez Collie, Desirée
_e autora
_d
245 1 0 _aBiografía del silencio :
_bpoemas /
_c Desirée Jiménez Collie
264 _aGuatemala :
_bKarmar,
_c[200-?]
300 _a53 páginas ;
_c 21 cm.
336 _atext
_btxt
_2rdacontent
337 _aunmediated
_bn
_2rdamedia
338 _avolume
_bnc
_2rdacarrier
490 0 _a
_v
505 0 _aMi ventana 1 -- Volver 4 -- Herida mortal 8 -- El brillo de otra boca 12 -- Días de frio 14 -- Anoche 18 -- Corazón descalzo 20 -- Días de primavera 27 -- Entre cigarrillos y humo 31 -- Tumba para el amor 36 -- En pos de mas 39 -- Entre nosotras 43 -- De algodones 49 -- Desilusión 51
590 _aInventariado, 2025/VM
650 7 _a Poesía dominicana
650 7 _aLiteratura dominicana
910 _aVMateo V. Control de calidad. BPMSU
942 _2ddc
_cBK
999 _c10151
_d10151